| 000 | 00763nmc a2200265 a 4500 | ||
|---|---|---|---|
| 003 | AR-BaBNM | ||
| 005 | 20251128203337.0 | ||
| 008 | 301020s1971 ||||||||||||||000 | spa|| | ||
| 040 | _cAR-BaBNM | ||
| 100 | 1 |
_aLacau, María Hortensia _d1910-2006 |
|
| 245 | 1 | 0 |
_aCastellano y antología _bpautas para su aprovechamiento _n2 |
| 250 | _a1ª ed. | ||
| 260 |
_aBuenos Aires _bKapelusz _c1971 |
||
| 300 | 0 |
_a46 p. _btablas |
|
| 490 | 0 |
_aCuaderno pedagógico _vv. 13 |
|
| 500 | 0 | _aContiene referncias bibliográficas | |
| 650 | 4 | _aPLAN DE ESTUDIOS | |
| 650 | 4 | _aMATERIAL DIDACTICO | |
| 650 | 4 | _aOBJETIVOS EDUCACIONALES | |
| 650 | 4 | _aEVALUACION DEL ALUMNO | |
| 650 | 4 | _aPRUEBAS OBJETIVAS | |
| 653 | 0 | _aENSENANZA DE LA LENGUA | |
| 942 | _cBK | ||
| 998 | _cCarmen | ||
| 999 |
_c2981 _d2981 |
||